| 000 | 00371nam a2200133 a 4500 | ||
|---|---|---|---|
| 005 | 20140414131855.0 | ||
| 008 | 100825s19uu xx 00 eng d | ||
| 050 |
_aM 398.2 _bSp9 2000 |
||
| 100 | _aSpurgeon, Maureen | ||
| 245 | _aEasy to read christmas stories. | ||
| 260 |
_aEngland : _bBrown Watson. |
||
| 650 |
_aChristmas story _xJuvenile literature |
||
| 999 |
_c110416 _d110416 |
||